000 00366 a2200133 4500
003 Nust
005 20170207154602.0
040 _cNust
082 _a025.34
245 _aBeginners english stage 2 language review: Units : 1-3, side 1: units: 4-7, side 2
505 _aAlmirah No.73 shelf No.6
650 _aEnglish learning
651 _aBeginners english stage 2
655 _aLanguage review
999 _c198618
_d198618